000 00513nam a2200181Ia 4500
005 20230114111550.0
008 131103s9999 xx 000 0 und d
040 _aLoreto College
041 _aEnglish
082 _a821.408
_bPAR
245 4 _aThe tribe of ben
_b pre-Augustan classical verse in english
_cEdited by A.C. Partridge
260 _aLondon
_bEdward Arnold
_c1966
300 _a192p.
650 _aEnglish poetry - Collections
700 _aPartridge, A.C.; ed.
850 _aLCLIB
942 _cBK
999 _c21314
_d71793